| 000 | 00394pab a2200157 454500 | ||
|---|---|---|---|
| 008 | 180718b2003 xxu||||| |||| 00| 0 eng d | ||
| 100 | _aUsha, S. | ||
| 245 | _aRecent trends in health expenditure pattern in Kerala | ||
| 260 | _c2003 | ||
| 300 | _ap.41-42. | ||
| 362 | _aJul | ||
| 650 | _aHealth services - India - Kerala | ||
| 650 | _aHealth services | ||
| 773 | _aYojana | ||
| 909 | _a56947 | ||
| 999 |
_c56947 _d56947 |
||